000 01903cam a22004574i 4500
003 PE-LiUPU
005 20250731173136.0
008 150623s1985 miu r 000 0 d
035 _a(Sirsi) a26982
040 _aPE-LiUPU
_bspa
_cPE-LiUPU
_erda
082 0 4 _a200
_bB12
_221
100 1 _aBacchiocchi, Samuele,
_eautor.
245 1 4 _aThe time of the crucifixion and the resurrection /
_cSamuele Bacchiocchi.
264 1 _aMichigan, MI :
_bBerrien Springs,
_c1985.
300 _a119 páginas ;
_c20 cm.
336 _atext
_2rdacontent
337 _aunmediated
_2rdamedia
338 _avolume
_2rdacarrier
490 0 _aBíblical Perspectives ;
_v4
505 0 _aThe wednesday crucifixion and the saturday resurrection. -The sign of Jonah. -The sign of Jonah. -The day of the crucifixion. -The day of the resurrection. -The reckoning of the day in Bible times. -The reckoning of the day in Bible times. -The reckoning of the Sabbath today.
526 _aSEG42
526 _aSEG41
526 _aSEG40
526 _aSEG39
526 _aP94
526 _aP87
526 _aP86
526 _aP85
526 _aP77
526 _aP76
526 _aP35
650 0 4 _aJesucristo
_xVida espiritual.
910 _ajck
_bjvq
_cjck
_d20170511.
942 _2ddc
_cBOOK
949 _a200 B12
_wDEWEY
_c1
_i52256
_lCCODEBUL1
_mBUL
_p5.00
_r0
_sY
_tBOOK
_u2015-06-24
_xTEOLOGIA
_PP35
_0COMPRA
_o.STAFF. Colección General
596 _a1
999 _a200 B12
_wDEWEY
_c34072
_i52256
_f2021-11-9
_g5
_lCCODEBUL1
_mBUL
_p5.00
_r0
_sY
_tBOOK
_u2015-6-24
_xTEOLOGIA
_PP35
_0COMPRA
_o.STAFF. Colección General
_d34072
999 _a200 B12
_wDEWEY
_c2
_i75862
_f2021-11-9
_g4
_lCCODEBUL1
_mBUL
_p9.00
_r0
_sY
_tBOOK
_u2017-5-11
_xTEOLOGIA
_PP85
_0COMPRA
_o.STAFF. Colección Teología
980 _81
_gALBERTO SANCHEZ Responsable de Automatización